01123nam a2200265 i 4500001000700000003000900007005001700016007000300033008004100036020001800077080002200095100003400117245016300151260006300314300003000377490006500407650002900472700003600501700002500537740004900562830007200611852003300683999001900716952012200735128257ES-MaACL20251002201406.0t|070627s1982 sp ||||1| spa d a84-7483-233-0 a739.5.032.77(460)1 aGriñó, Beatriz de.96007613aLa pátera de Santisteban del Puerto (Jaén) / cpor Beatriz de Griñó y Ricardo Olmos . La sítula tardorromana de Bueña (Teruel) / por Javier Ponce. a[Madrid] : bDirección General de Bellas Artes, c[1982] a154 p. : bil. ; c25 cm.1 aCatálogos y monografías. Estudios de iconografía ; vI14aJoyas ibéricas.9139631 aOlmos, Ricardo, d1946-91511451 aArce, Javier.9224503 aLa sítula tardorromana de Bueña (Teruel)00aCatálogos y monografías. pEstudios de iconografíavI9219263 aES-MaACLjE-11763 bR.123363 c128257d128257 00104070aATENEOMbATENEOMcDEPO2d2008-01-17eSCl0oE-11763p1133583r2023-02-23 00:00:00w2023-02-23yMONOGRAFIA